Del amor y otros poemas / (Registro nro. 7103)

Detalles MARC
000 -LIDER
fixed length control field 00822nam a2200253 a 4500
001 - NÚMERO DE CONTROL
Identificador de número de control 000010187
003 - IDENTIFICACDOR DE NÚMERO DE CONTROL
control field 000010187
005 - DATE AND TIME OF LATEST TRANSACTION
control field 20180319102559.0
008 - ELEMENTOS DE LONGITUD FIJA
fixed length control field 091005s1996 dr 000 p spa d
040 ## - FUENTE DE CATALOGACIÓN
Agencia que crea de manera original el registro BPMSU
Idioma de catalogación spa
Agencia que realiza la transcripción BPMSU
082 #4 - NÚMERO DE CLASIFICACIÓN DECIMAL DE DEWEY
Classification number RD861.44
Item number G549d
092 ## - LOCALLY ASSIGNED DEWEY DECIMAL CALL NUMBER
Número de ítem (Cutter)
100 1# - ASIENTO PRINCIPAL -- NOMBRE PERSONAL
Nombre personal Glass Mejía, Manuel,
Fechas asociadas con el nombre 1923-1994
245 10 - MENCIÓN DE TITULO
Título Del amor y otros poemas /
Mención de responsabilidad Manuel Glass Mejía ; notas preliminares Mariano Lebrón Saviñón.
260 ## - PUBLICACIÓN, DISTRIBUCIÓN, ETC. (PIE DE IMPRENTA)
Lugar de publicación, distribución, etc Santo Domingo :
Nombre del editor, distribuidor, etc. Ediciones el Pez Rojo,
Fecha de publicación, distribución, etc 1996.
300 ## - DESCRIPCIÓN FÍSICA
Extensión xv, 84 p. ;
Dimensiones 23 cm.
650 #4 - ENCABEZAMIENTO DE MATERIA--TEMÁTICO
Término temático o nombre geográfico como elemento de entrada POESÍA DOMINICANA
650 #4 - ENCABEZAMIENTO DE MATERIA--TEMÁTICO
Término temático o nombre geográfico como elemento de entrada LITERATURA DOMINICANA
700 12 - ASIENTO SECUNDARIO -- NOMBRE PERSONAL
Nombre personal Lebrón Saviñón, Mariano,
Fechas asociadas con el nombre 1922-
910 ## - VALIDACIÓN
Validación Validado. Control de calidad BNPHU
942 ## - ADDED ENTRY ELEMENTS (KOHA)
Source of classification or shelving scheme Dewey Decimal Classification
Koha item type Libros
945 ## - INFORMACIÓN DE PROCESAMIENTO LOCAL
Información de procesamiento local Remanejado para la BNPHU / 2018 BT
956 ## - LOCAL ELECTRONIC LOCATION AND ACCESS (OCLC)
Nombre de host VMATEO
Número de acceso 10
Información de compresión 20150728
Inicio de sesión BPMSU
Procesador de solicitud 0069
Existencias
Withdrawn status Lost status Source of classification or shelving scheme Damaged status Not for loan Home library Current library Date acquired Total Checkouts Full call number Barcode Date last seen Price effective from Koha item type
    Dewey Decimal Classification     Biblioteca Pública Metropolitana Salomé Ureña Biblioteca Pública Metropolitana Salomé Ureña 07/08/2014   RD863.44 G549d BPMSU15040477 07/08/2014 07/08/2014 Libros